Adivina la canción española de Eurovisión por la letra - Estadísticas

Estadísticas generales
  • Esta prueba ha sido intentada 2.231 veces
    2.020 desde el último reinicio
  • La puntuación promedio es 9 de 15
Estadísticas de respuestas
Fragmento de la letra Respuesta % Correcto
Les vuelvo loquito' a todos los daddie'Voy siempre primera, nunca secondary 2022/Chanel/SloMo
87%
Siento que bailo por primera vez,eres el arte que endulza la piel 2018/Alfred y Amaia/Tu Canción
84%
Estoy en un buen momento, solo era cuestión de tiempoVoy a salir a la calle a gritar lo que siento a los cuatro vientos 2024/Nebulossa/Zorra
81%
Te compran, porque te vendesTe vendes porque te sobras 2019/Miki/La Venda
74%
Su voz le hace grande, ¿qué más da Si ella es libre cantando como un pez en el mar? 2025/Melody/Esa diva
69%
Mi corazón me susurró"A mí no vuelvas sin su amor" 2015/Edurne/Amanecer
66%
Si no supe amarte amor,no era mío el corazón 2012/Pastora Soler/Quédate Conmigo
63%
Mi niño, cuando me mueraQue me entierren en la luna 2023/Blanca Paloma/Eaea
57%
Keep on like it's never endingKeep on till the light of day 2014/Ruth Lorenzo/Dancing in the Rain
53%
..., Algo muy bonito,tu pelo al viento que se enreda entre mis manos al calor 2010/Daniel Diges/Algo Pequeñito
50%
You keep on climbing over hills Right now, you're following your dreams 2016/Barei/Say Yay!
50%
Eres esa luz, que a través del universo, túMe invitas a viajar 2013/El Sueño de Morfeo/Contigo Hasta el Final
44%
Sé que hay muchos como yo con tanto qué ofrecer,pero juro que este amor nadie lo podrá vencer 2021/Blas Cantó/Voy a Quedarme
41%
Coge mi mano, no cierres esa puerta Deja que el dolor y la tristeza desaparezcan 2017/Manel Navarro/Do it for your lover
37%
Me pellizco cada día, pienso qué suerte la míaNo estoy soñando, es realidad 2011/Lucía Pérez/Que Me Quiten Lo Bailao
36%
No se encontraron pruebas coincidentes
Distribución de puntuación
Porcentaje de gente con cada puntuación
Porcentaje por número respondido
Historial de tus puntuaciones
No has intentado esta prueba desde el último reinicio